000 00444nam a2200133Ia 4500
008 220217s9999 xx 000 0 und d
245 0 _aMethods of testing vulcanized rubber. Part A 16. Determination of swelling in liquids
260 _aLondon
260 _c1956
_bBritish Standards Institution
490 _aBritish Standards
500 _aStandard number: BS 903: Part A 16
650 _aRubber vulcanized, swelling in liquids
942 _cST
999 _c73232
_d73232